Statistiken für Länder mit einem einzigen Hinweis #2

Klicken Sie hier um das Quiz zu spielen!

Allgemein

  • Dieses Quiz wurde 11.145 mal gespielt
    (11.142 seit der letzten Aktualisierung)
  • Das Durchschnittsergebnis liegt bei 9 aus 20

Antwortstatistiken

HinweisLand% Korrekt
Dort gibt es einen Wüstenbereich namens OutbackAustralien
94%
Kleinstes Land der WeltVatikanstadt
90%
Monte-Carlo ist ein Vorort in diesem StadtstaatMonaco
71%
Kleinstes Alpenland in BevölkerungLiechtenstein
68%
Unabhängig von Serbien seit dem Jahr 2008Kosovo
64%
Hat die meisten olympischen Goldmedaillen im alpinen Skifahren gewonnenÖsterreich
64%
Größte Insel im Indischen OzeanMadagaskar
58%
Afrikanisches Inselland, unbewohnt bis es von Portugal entdeckt wurdeKap Verde
56%
Südlichstes Land im Karibischen MeerTrinidad und Tobago
49%
Heimat des Angkor Wat Tempel KomplexesKambodscha
48%
Besitzt etwa 2/3 der Region PatagonienArgentinien
45%
Heißt Беларусь in seiner eigenen SpracheBelarus
42%
Seine nördliche Grenze ist eine DMZSüdkorea
39%
Die Hauptstadt hat die Initialen KLMalaysia
35%
Die zweitgrößte Stadt ist MombasaKenia
33%
Seine Hauptstadt ist LuandaAngola
31%
Die beiden größten Städte beginnen mit HVietnam
18%
Hat die Städte Dunedin, Rotorua und WhangareiNeuseeland
16%
Invasion durch die Vereinigten Staaten im Jahr 1983Grenada
10%
80% des Landes wurden als Phosphat Dünger verkauftNauru
10%

Verteilung der Resultate

Perzentil nach korrekt beantworteten Fragen

Anzahl Personen mit jedem Resultat

Ihre Resultats-Entwicklung

Sie haben dieses Quiz seit der letzten Aktualisierung nicht gespielt